000 00461nam a22001457a 4500
999 _c509135
_d509135
008 190424b ||||| |||| 00| 0 eng d
100 _aMIcklitz, Hans W. et al
_94725
245 _aDissemination of consumer law and policy in Africa, Asia, the Americas, and Australia
260 _c2018
300 _ap.303-307.
650 _aConsumer law
_94726
773 _aJournal of Consumer Policy
906 _aConsumer protection - Law and legislation
942 _cAR